00698 2200277 4500001002100000005001700021008004100038020001800079035002400097082001100121090002100132100001200153245005200165250001200217260003600229300002400265500002600289650001000315700001400325850001500339980001500354985000600369999001500375999001500390999001500405YOGYA-0209000003416820090227024849.0 ind  a979-8031-32-6 0010-020900000034168 a635.61 a635.61bSet BlT aSETIADI aBertahan meloncSetiadi ; ilustrator, J. Sugito aCet. 16 aJakartabPenerbar Swadayac1999 a42 hlmbilusc20 cm aBibliografi : hlm. 42 aMelon aSugito, Y aYOPDYOG(B) a14-10-2006 a3 a00B0001136 a00B0001137 a00B0001138